000 00306nam a22001457a 4500
008 221101b ||||| |||| 00| 0 eng d
020 _a9781319106799
041 _aeng
080 _a339
082 _a339.
100 _a61
101 _aECO
245 _aECONOMIC PRINCIPLES
_cRUBB S
942 _2udc
_cBK
999 _c58710
_d58710